00692nam a2200217Ia 4500008004100000020001800041050002000059050001400079100001800093245003300111245003400144245006500178260001300243260002500256260000900281300001600290300002000306300001100326999001900337952011800356180523s9999 xx 000 0 und d a81-7809-158-5 aMAIN HF 5438.25 b.H64 2003 aHogan, Kevin. 0aSelling yourself on others : 4bthe new psychology of sales / 0cKevin Hogan and William Horton; foreword by Jeffrey Gitomer. aMumbai : bMagna Pub. Co. Ltd., c2003 a265 pages : billustrations ; c21 cm. c357105d357105 001040aSMCbSMCcMAINd2005-03-07l0oMAIN HF 5438.25 .H64 2003pSMC00591r2018-05-23 00:00:00w2018-05-23yBK